Chile First Level Subdivisions - Statistics

General Stats
  • This quiz has been taken 324 times
    320 since last reset
  • The average score is 10 of 16
Answer Stats
Regiones % Correct
Region Metropolitana de Santiago
95%
Valparaíso
71%
Atacama
70%
Antofagasta
69%
O'Higgins
64%
Magallanes
61%
Biobío
59%
Los Ríos
57%
Arica and Parinacota
56%
Maule
56%
Los Lagos
55%
Coquimbo
52%
Ñuble
52%
Aisén
51%
Araucanía
50%
Tarapacá
49%
No matching quizzes found
Score Distribution
Percent of People with Each Score
Percentile by Number Answered
Your Score History
You have not taken this quiz since the last reset